000
00335nam a2200157Ia 4500
100
_a
Aklekar/Rajendra B
650
_a
Biography
942
_c
BK
366
_f
20
654
_a
biography
245
_a
India's Railway Man: Biography of E.Sreedharan
260
_b
Rupa
_c
2017
082
_b
AKL
300
_a
253
546
_a
ENGLISH
999
_c
33305
_d
33305